Optimalizácia vybraných scenárov manipulácie s VBK počas doby ich skladovania v areáli jadrového zariadenia
Enregistré dans:
| Auteur principal: | |
|---|---|
| Autres auteurs: | |
| Format: | Manuscrit Livre |
| Langue: | slovaque |
| Publié: |
Bratislava :
STU v Bratislave FEI,
2012
|
| Sujets: | |
| Accès en ligne: | VAIS |
| Tags: |
Pas de tags, Soyez le premier à ajouter un tag!
|
MARC
| LEADER | 00000ntm a22000003a 4500 | ||
|---|---|---|---|
| 001 | stu250603 | ||
| 005 | 20150617230224.4 | ||
| 008 | 120717s2012----xo------------------slo-d | ||
| 040 | |a STU |b slo | ||
| 041 | 0 | |a slo | |
| 044 | |a xo | ||
| 100 | 1 | |a Slimák, Andrej, |d 1988- |4 aut |u E060 |U FEI Fakulta elektrotechniky a informatiky |T FEI Ústav jadrového a fyzikálneho inžinierstva |X 50687 |U E060 |Y 817 |7 A000050687 | |
| 242 | 0 | 0 | |a Optimization of selected scenarios related to fiber-reinforced concrete containers manipulation during their storage period in |y eng |
| 245 | 1 | |a Optimalizácia vybraných scenárov manipulácie s VBK počas doby ich skladovania v areáli jadrového zariadenia | |
| 260 | |a Bratislava : |b STU v Bratislave FEI, |c 2012 | ||
| 300 | |a 80 s |c 4 príl. | ||
| 650 | 7 | |a radioactive waste |2 estusub | |
| 650 | 7 | |a dose |2 estusub | |
| 650 | 7 | |a dávka |2 stusub | |
| 650 | 7 | |a rádioaktívne odpady |2 stusub | |
| 700 | 1 | |a Nečas, Vladimír, |d 1954- |4 ths |u E060 |U FEI Fakulta elektrotechniky a informatiky |T FEI Ústav jadrového a fyzikálneho inžinierstva |X 1934 |U E060 |Y 817 |7 A000001934 | |
| 856 | 4 | |a info a plný text |u http://is.stuba.sk/zp/portal_zp.pl?podrobnosti=81950 |3 VAIS | |
| 996 | |b 284EP10077 |c E*DIPL-10077 |l EE36 |s P |a 0 |w stu250603_0001 | ||